Central Library OPAC University of Rajshahi

Foreign capital and economic development : (Record no. 8528)

MARC details
000 -LEADER
fixed length control field 00910nam a2200277 4500
001 - CONTROL NUMBER
control field 8528
003 - CONTROL NUMBER IDENTIFIER
rucl marc code BD-RjUL
005 - DATE AND TIME OF LATEST TRANSACTION
control field 20211208234615.0
008 - FIXED-LENGTH DATA ELEMENTS--GENERAL INFORMATION
fixed length control field 140118s19621960vtua b 00100 eng
035 ## - SYSTEM CONTROL NUMBER
System control number (BD-RjUL)8573
040 ## - CATALOGING SOURCE
Original cataloging agency BD-RjUL
Language of cataloging eng
Transcribing agency BD-RjUL
Modifying agency BD-RjUL
041 ## - LANGUAGE CODE
Language code of text/sound track or separate title eng
082 00 - DEWEY DECIMAL CLASSIFICATION NUMBER
Classification number 332.763
Author mark and year ISF 1962
100 1# - MAIN ENTRY--PERSONAL NAME
Personal name Islam, Nurul.
9 (RLIN) 26555
245 10 - TITLE STATEMENT
Title Foreign capital and economic development :
Remainder of title Japan, India, and Canada; studies in some aspects of absorption of foreign capital /
Statement of responsibility, etc. Nurul Islam.
260 0# - PUBLICATION, DISTRIBUTION, ETC. (IMPRINT)
Place of publication, distribution, etc. Rutland, Vt. :
Name of publisher, distributor, etc. C.E. Tuttle Co.,
Date of publication, distribution, etc. 1960 [Printing 1962].
300 ## - PHYSICAL DESCRIPTION
Pagination 251 p. :
Illustrations diagrs. ;
Size 22 cm.
500 ## - GENERAL NOTE
General note Based on thesis, Harvard University.
504 ## - BIBLIOGRAPHY, ETC. NOTE
Bibliography, etc Bibliography: p. [247]-251.
Bibliography, etc Includes index.
650 #0 - SUBJECT ADDED ENTRY--TOPICAL TERM
Topical term or geographic name as entry element Investments, Foreign.
9 (RLIN) 26556
Topical term or geographic name as entry element Economic development.
9 (RLIN) 26557
942 ## - ADDED ENTRY ELEMENTS (KOHA)
Source of classification or shelving scheme Dewey Decimal Classification
Koha item type Books
Holdings
Lost status Source of classification or shelving scheme Damaged status Not for loan Collection code Permanent Location Current Location Shelving location Date acquired Source of acquisition Cost, normal purchase price Total Checkouts Full call number Date last seen Copy number Koha item type
  Dewey Decimal Classification   Not For Loan Non-fiction Central Library, University of Rajshahi Central Library, University of Rajshahi   28/01/1963 Zitlinger 35.00   332.763 ISF 1962 18/01/2014 C-1 Books